Miznúci svet

Podrobná bibliografia
Hlavný autor: Mišková, Mária, 1954- (Autor)
Médium: Kniha
Jazyk:slovenčina
Fyzický popis:121 strán fotografie
Vydavateľské údaje: Humenné pointA o.z. Miestny odbor Matice slovenskej v Humennom 2019
ISBN:9788097310226
Predmet:

MARC

LEADER 00000nam a2200000 4500
001 vtls011897087
003 SK-MaSNL
005 20260302060747.0
008 210624s2019 xo o g h 000 0cslo
015 |a SNBA2020/11 
020 |a 9788097310226  |q (brožované) 
035 |a urn:nbn:sk:snk-am00eds7 
035 |a urn:nbn:sk:snk-am3ih2y 
035 |a 586D9472-B172-45F5-AB87-09660CAB6F90 
040 |a SNK  |b slo  |c SNK  |e rda 
041 0 |a slo 
043 |a e-xo--- 
044 |a xo  |c SK 
072 7 |a 929  |x Biografie  |2 konspekt 
080 |a 929  |2 2011 
080 |a (0:82-94)  |2 2011 
100 1 |a Mišková, Mária,  |d 1954-  |4 aut  |9 29374 
245 1 0 |a Miznúci svet  |c Mária Mišková 
246 1 4 |i V tiráži uvedený názov:  |a Miznúci svet 7 
264 1 |a Humenné  |b pointA o.z.  |b Miestny odbor Matice slovenskej v Humennom  |c 2019 
300 |a 121 strán  |b fotografie 
336 |a text  |b txt  |2 rdacontent 
337 |a bez média  |b n  |2 rdamedia 
338 |a zväzok  |b nc  |2 rdacarrier 
366 |e 200 kusov 
500 |a Vydal pointA o.z. v spolupráci s Miestnym odborom Matice slovenskej v Humennom 
650 0 7 |a osobnosti  |2 SNKPH  |9 29820 
650 0 7 |a Celebrities  |2 SNKPHeng  |9 265203 
651 7 |a Humenné (Slovensko)  |2 SNKPHgeo  |9 19199 
651 7 |a Humenné (Slovakia)  |2 SNKPHeng  |9 332817 
655 7 |a spomienky  |2 SNKPH  |9 29509 
655 7 |a Reminiscences  |2 SNKPHeng  |9 93477 
919 |a 978-80-973102-2-6 
958 |a BX 
999 |c 1122516  |d 1124446 
952 |a SNK  |b SNK  |y PREZ  |7 0  |p 17A1391852  |o snkSC 186386  |i snk2019/27780  |8 0  |0 0  |1 0  |4 0  |d 2019-10-30  |f 1  |l 0  |r 2026-02-24 18:35:58  |w 2026-02-24 
952 |a SNK  |b SNK  |y VYP  |7 0  |p 17A1391853  |o snkSC 186386 D1  |i snk2019/27781  |8 0  |0 0  |1 0  |4 0  |d 2019-10-30  |l 0  |r 2026-02-24 18:35:58  |w 2026-02-24